[Event "EOBCC TOP16 2020"]
[Site "Online"]
[Date "2020.12.19"]
[Round "1.4"]
[White "Meier, Georg"]
[Black "Wojtaszek, Radoslaw"]
[Result "1/2-1/2"]
[WhiteElo "2628"]
[BlackElo "2705"]
[Annotator "TA"]
[PlyCount "71"]
[EventDate "2020.12.18"]
[EventType "k.o."]
[EventCountry "NET"]
[SourceTitle "playchess.com"]
[Source "ChessBase"]
[SourceQuality "1"]

{[%evp 9,71,21,22,22,17,6,19,14,20,10,21,17,17,8,17,0,5,0,0,0,0,0,0,0,17,6,3,7,10,4,12,4,21,0,19,-14,0,0,0,0,0,-20,0,-12,0,0,0,0,0,0,18,0,0,-22,0,0,0,-13,-13,-16,-8,-24,0,-45]} 1. Nf3 d5 2. g3 Nd7 3. d4 Nb6 4. a4 a5 5. b3 Bf5 6. Ba3 {D02: 1 d4 d5 2 Nf3 sidelines, including 2...Nf6 3 g3 and 2...Nf6 3 Bf4.} c6 7. Nbd2 h6 8. Bg2 Nf6 9. O-O {[#]} Nbd7 $146 ({Predecessor:} 9... e6 10. Bxf8 Kxf8 11. Ne5 Ke7 12. e3 Re8 13. f4 Bh7 14. c3 Kf8 15. g4 Nfd7 {0-1 (50) Grandelius,N (2662)-Fedoseev,V (2678) chess.com INT 2020}) 10. Re1 e6 11. Bxf8 Nxf8 12. Ne5 N8d7 13. e4 (13. c4 {feels hotter.} O-O 14. Ndf3 Re8 15. Rc1 Nxe5 16. Nxe5 Qc7 17. e3) 13... dxe4 14. Nxe4 Nxe4 15. Bxe4 Bxe4 16. Rxe4 Nf6 17. Re3 O-O 18. Rd3 Qc7 19. Qf3 Rad8 20. Rad1 Nd5 {[%cal Bf6d5,Bd5e7,Be7f5][%mdl 32]} 21. R3d2 Ne7 22. Nc4 Nf5 23. c3 Rd5 24. Ne3 Nxe3 25. fxe3 Rfd8 26. Kg2 Qe7 27. e4 R5d7 28. Qe3 Qa3 29. c4 Qb4 30. d5 exd5 31. cxd5 cxd5 32. Rxd5 Qe7 {[#] aiming for ...Rxd5.} 33. Qd4 {[%cal Rd5d7]} Rxd5 34. exd5 Qe2+ 35. Kg1 Rd6 36. Qd3 {An uneventful encounter.  Weighted Error Value: White=0.07/Black=0.07} 1/2-1/2

[Event "EOBCC TOP16 2020"]
[Site "Online"]
[Date "2020.12.19"]
[Round "1.4"]
[White "Deac, Bogdan-Daniel"]
[Black "Jones, Gawain C B"]
[Result "0-1"]
[WhiteElo "2625"]
[BlackElo "2670"]
[Annotator "TA"]
[PlyCount "98"]
[EventDate "2020.12.18"]
[EventType "k.o."]
[EventCountry "NET"]
[SourceTitle "playchess.com"]
[Source "ChessBase"]
[SourceQuality "1"]

{[%evp 11,98,20,27,0,0,-2,37,26,65,47,149,45,79,85,87,88,81,83,102,81,82,27,33,20,34,37,22,12,25,21,41,35,47,37,40,-31,-27,-27,-18,-163,-174,-181,-45,-45,-50,-158,-164,-186,-184,-200,-216,-331,-322,-327,-333,-331,-328,-349,-273,-302,-299,-773,-464,-687,-518,-635,-422,-553,-541,-945,-779,-905,-700,-839,-360,-1091,-1092,-5928,-5239,-29989,-5070,-29990,-3187,-29988,-29983,-29980,-29981,-29986,-29978]} 1. e4 e5 2. Nf3 Nc6 3. Bc4 Bc5 4. c3 Nf6 5. d3 d6 6. Nbd2 a6 7. Qe2 {C54: Giuoco Piano: 4 c3 Nf6, main lines with 5 d4 and 5 d3.} Ba7 8. Bb3 Ng4 $5 {[%mdl 4] [#] Exploring less charted territory.} 9. h3 $146 {White is slightly better.} ({Predecessor:} 9. O-O Qf6 10. h3 h5 11. Nc4 Bd7 12. Ng5 Nd8 13. Qf3 Qg6 14. Qd1 b5 15. Na3 f6 {0-1 (52) Herbrig,M (1725)-Winterholler,C (1929) Magdeburg 2014}) 9... Nh6 ({Don't blunder} 9... Bxf2+ $2 10. Kf1 $18) ({Reject} 9... Nxf2 10. Rf1 $16) 10. Nf1 Qf6 (10... Be6 $14) 11. g4 (11. Ng3 $16 {Strongly threatening Nh5.} Qg6 12. Bg5) 11... Qe7 12. Bg5 Qf8 13. Bxh6 gxh6 14. Ng3 Be6 15. O-O-O O-O-O 16. Nf5 ({White should play} 16. Nd2 $16) 16... h5 $11 17. Nd2 Ne7 {[%cal Bc6e7,Be7g6,Bg6f4,Bf4d3][%mdl 32]} 18. Ng3 hxg4 19. hxg4 Ng6 20. Qf3 Qe7 21. Nf5 Qg5 22. Rh5 Qf4 23. Rf1 (23. Kc2 $14) 23... Qxf3 $15 24. Nxf3 Nf4 25. Rh6 (25. Rh2 $11 {and White is okay.}) 25... Nxd3+ $19 26. Kc2 Bxb3+ (26... Nxf2 $19 {White must now prevent ...Bxf5.} 27. Ng5 Bxb3+ 28. axb3 Rdf8 29. Nxh7 Nxg4 30. Nxf8 Rxh6 {[%mdl 64] Overworked Piece} 31. Nxh6 Ne3+ {[%mdl 64] Double Attack} 32. Kd3 Nxf1 33. Nxf7 Ne3) 27. Kxd3 $15 Bxa2 28. Rfh1 {White is now going downhill.} (28. Ra1 $15 Be6 29. Ng5) 28... Bxf2 $17 29. c4 b5 $1 30. cxb5 axb5 31. Nd2 (31. Kc2 {was called for.}) 31... Be6 $19 32. Rxh7 Rxh7 33. Rxh7 Kb7 34. Nh6 Rd7 35. Nf3 Bc4+ 36. Kd2 $2 (36. Kc2) 36... Bg3 37. Kc3 (37. Nf5 $142 Bf4+ 38. Ke1) 37... Bf4 38. Nd2 Be6 39. Nf5 c5 40. Nf3 b4+ 41. Kc2 c4 42. g5 Kc6 (42... d5 $142 43. Ng7 Bg4) 43. Ng7 $2 (43. N3d4+ exd4 44. Nxd4+ Kc7 45. g6 $1 {[%mdl 512]} b3+ 46. Kb1) 43... Bg4 44. Nh2 Be2 45. Nf5 Bd3+ {[%mdl 64] Double Attack} 46. Kd1 Bxe4 (46... c3 $142 47. Ke1 cxb2 48. Kf2 b1=Q 49. Nd4+ exd4 50. Rh8 Qd1 51. Rc8+ {[#]} Kb7 $1 {[%mdl 512]} 52. Kg2 Qe2+ {[%mdl 64] Double Attack} 53. Kh3 Qxh2+ 54. Kg4 Qg3+ 55. Kh5 Qxg5#) 47. g6 fxg6 {Black mates.} 48. Ne7+ Kb5 49. Rf7 Bxh2 {Weighted Error Value: White=0.66/Black=0.44} 0-1

[Event "EOBCC TOP16 2020"]
[Site "Online"]
[Date "2020.12.19"]
[Round "1.4"]
[White "Demidov, Mikhail"]
[Black "Shirov, Alexei"]
[Result "1-0"]
[WhiteElo "2526"]
[BlackElo "2662"]
[Annotator "TA"]
[PlyCount "55"]
[EventDate "2020.12.18"]
[EventType "k.o."]
[EventCountry "NET"]
[SourceTitle "playchess.com"]
[Source "ChessBase"]
[SourceQuality "1"]

{[%evp 10,55,3,-22,-22,-19,-14,-19,-13,-8,14,10,50,23,17,11,26,0,76,66,75,100,87,71,129,34,78,94,85,86,91,93,87,110,210,176,156,148,179,185,191,134,204,185,313,304,29993,1003]} 1. Nf3 d5 2. g3 Nf6 3. Bg2 g6 4. b3 Bg7 5. Bb2 c5 6. c4 d4 {A05: Réti Opening: 1 Nf3 Nf6.} 7. b4 O-O 8. bxc5 Nc6 {The position is equal.} 9. O-O e5 10. d3 Nd7 11. Ba3 {[#]} e4 $146 ({Predecessor:} 11... Qa5 12. Qb3 Re8 13. Nfd2 Nxc5 14. Qb5 Bg4 15. Qxa5 Nxa5 16. Bxc5 Bxe2 17. Re1 Bxd3 18. Na3 Rab8 19. Bf1 Bxf1 20. Kxf1 Bh6 21. Ne4 Nxc4 {1-0 (21) Bogumil,T (2182)-De Abreu,R (2184) chess.com INT 2020}) 12. Ne1 $1 e3 13. Nc2 exf2+ (13... Nde5 $11 {remains equal.}) 14. Rxf2 $16 Nde5 {Threatening ...Ng4.} 15. Nd2 Ng4 {[#]} 16. Rf1 $1 Bh6 (16... h5 $142) 17. Bb2 (17. Ne4 $16) 17... Be3+ 18. Kh1 Qg5 19. Ne4 ({Reject} 19. Nxe3 Nxe3 20. Qe1 Nxf1 $15) 19... Qh6 {[%csl Gg4][%cal Rh6h2]} 20. Nf6+ Nxf6 21. Rxf6 ({Of course not} 21. Nxe3 $6 Nh5 $11) 21... Bg5 (21... Bg4 $16) 22. Rf1 Bg4 23. Nxd4 Rae8 24. Nf3 Be3 25. Qb3 (25. Rb1 $18) 25... Bxc5 (25... Re7 $16 26. Qa3 g5) 26. Qxb7 $18 Nb4 (26... Nd8 {might work better.} 27. Qb5 Rxe2 28. Qxc5 Bxf3 29. Rxf3 (29. Rf2 Ne6 $14) 29... Rxb2) 27. Ne5 {[%mdl 64] Double Attack} Rb8 $2 (27... Be6 $18 28. Rab1 Bd6 29. Qxa7 Bxe5) 28. Nxg4 {Weighted Error Value: White=0.16/Black=0.55} (28. Nxf7 $142 Qxh2+ 29. Kxh2 Be3 {[#]} 30. Nh6+ $1 {[%mdl 512]} Bxh6 31. Bd5+ Nxd5 32. Qxd5+ Be6 33. Qxe6+ Rf7 34. Qxf7#) 1-0

[Event "EOBCC TOP16 2020"]
[Site "Online"]
[Date "2020.12.19"]
[Round "1.5"]
[White "Hovhannisyan, Robert"]
[Black "Petrosyan, Manuel"]
[Result "0-1"]
[WhiteElo "2642"]
[BlackElo "2628"]
[Annotator "TA"]
[PlyCount "110"]
[EventDate "2020.12.18"]
[EventType "k.o."]
[EventCountry "NET"]
[SourceTitle "playchess.com"]
[Source "ChessBase"]
[SourceQuality "1"]

{[%evp 10,110,22,29,30,22,28,12,36,20,55,48,43,0,33,0,0,0,0,-5,0,0,0,-10,111,-35,-48,-35,-39,-110,-110,-163,-159,-173,-178,-178,-175,-171,-164,-165,-163,-218,-204,-214,-203,-177,-175,-170,-160,-215,-204,-202,-228,-215,-202,-208,-208,-210,-202,-206,-211,-210,-213,-200,-207,-562,-199,-207,-207,-203,-208,-510,-506,-538,-529,-29976,-29977,-29988,-29989,-29989,-29979,-29987,-29988,-29988,-29988,-29988,-29985,-29985,-29986,-29986,-29987,-29987,-29988,-29988,-29989,-29989,-29990,-29991,-29989,-29990,-29989,-29989,-29987]} 1. e4 c6 2. d4 d5 3. e5 Bf5 4. Be2 e6 5. Nf3 Ne7 6. O-O Ng6 {B12: Caro-Kann: Advance Variation.} 7. Be3 Nd7 8. c3 {[#] 8.Ne1 is becoming the main line.} h5 $146 {The position is equal.} ({Predecessor:} 8... f6 9. Nbd2 Be7 10. Ne1 h5 11. f4 Qb6 12. Qb3 c5 13. Bb5 c4 14. Qa4 Qc7 15. b3 cxb3 16. axb3 {0-1 (47) Dominguez Perez,L (2758)-Svane,R (2613) Chess.com INT 2020}) 9. Nbd2 Rc8 10. Ne1 c5 11. f4 a6 12. Bd3 Ne7 13. Bf2 Bxd3 14. Nxd3 {[%cal Rd4c5]} Nf5 15. Nf3 Be7 16. g3 Qb6 (16... g6 $11) 17. Qb3 (17. dxc5 $16 Qc7 18. b4) 17... c4 $15 18. Qxb6 Nxb6 {[%cal Bd7b6,Bb6a4,Ba4b2][%mdl 32]} 19. Nde1 {Black continues to play with concentration.} (19. Nc1 $1 $15) 19... Na4 $17 20. Rb1 (20. Nc2 $17 {keeps fighting.}) 20... Rc6 $1 $19 21. Ng2 Rb6 22. Rfc1 Nxb2 23. Rc2 Na4 24. Rxb6 Nxb6 25. h3 (25. Rb2 $142 Na4 26. Rxb7) 25... Na4 26. g4 hxg4 27. hxg4 Nh6 (27... Rh3 28. Nge1 $17) 28. Ne3 Kd7 29. Kg2 (29. Be1 $17 {might work better.}) 29... b5 30. f5 a5 {[%cal Ba6a5,Ba5b4,Bb4b3][%mdl 32]} 31. Bg3 {If only White now had time for f6....} b4 32. cxb4 axb4 {White must now prevent ...b3.} 33. f6 {[#]} b3 $1 {[%cal Rb3c2]} ({Don't take} 33... gxf6 34. exf6 Bxf6 35. g5 $17) 34. axb3 cxb3 35. Rc1 b2 ({And not} 35... gxf6 36. exf6 Bd8 37. g5 $11) 36. Rb1 Ba3 {Hoping for ...Nc3.} 37. Bf4 $2 {[#]} (37. fxg7 Rg8 38. Bf4 Nxg4 39. Nxg4 Rxg7 40. Kh3) 37... Rg8 $2 (37... g5 $1 {[%mdl 512]} 38. Nxg5 Nc3) 38. fxg7 {[#]} Nxg4 $1 {[%mdl 512]} 39. Nxg4 {Nf6+ is the strong threat.} Rxg7 40. Bg5 $2 (40. Kh3 {nothing else works.} Nc3 41. Rf1) 40... Nc3 41. Nf6+ Kc6 42. Nd2 Rxg5+ {Black mates.} 43. Kf3 Nxb1 44. Nxb1 {[%mdl 4096] Endgame KRB-KNN} Bb4 45. Ke2 Rg1 46. Kd3 Rxb1 47. Kc2 Rf1 {[%csl Gf1][%cal Rb2b1]} 48. Kxb2 {[#]} Rxf6 $1 49. exf6 {KB-KPP} Kb5 50. Kb3 Ba5 51. Kc2 Kc4 52. Kb2 Kxd4 53. Kc2 Bd8 54. Kb3 Ke5 55. Kc3 Kxf6 {Accuracy: White = 56%, Black = 81%.} 0-1

[Event "EOBCC TOP16 2020"]
[Site "Online"]
[Date "2020.12.19"]
[Round "1.5"]
[White "Yilmaz, Mustafa"]
[Black "Pantsulaia, Levan"]
[Result "0-1"]
[WhiteElo "2630"]
[BlackElo "2553"]
[Annotator "TA"]
[PlyCount "100"]
[EventDate "2020.12.18"]
[EventType "k.o."]
[EventCountry "NET"]
[SourceTitle "playchess.com"]
[Source "ChessBase"]
[SourceQuality "1"]

{[%evp 13,99,53,63,31,38,24,31,37,72,0,14,4,18,7,37,8,14,6,8,19,32,41,61,59,77,74,100,99,84,96,89,53,74,38,52,37,231,247,254,253,222,207,280,281,294,176,196,200,217,214,211,173,198,199,229,212,339,124,223,203,237,235,223,54,54,54,54,34,27,11,13,11,58,9,25,8,11,8,8,8,25,8,33,8,16,8,12,-29999]} 1. d4 Nf6 2. c4 g6 3. Nc3 Bg7 4. e4 O-O 5. Be2 c6 6. Nf3 d5 7. e5 Ne4 8. Be3 {E70: King's Indian: Miscellaneous lines with 4 e4, including 5 Nge2 and 5 Bd3 0-0 6 Nge2.} Nxc3 9. bxc3 dxc4 10. Bxc4 {White is slightly better.} c5 11. h3 ({White should play} 11. h4 $16) 11... cxd4 12. cxd4 Nc6 13. O-O {[#]} Bf5 $1 $146 {[%mdl 8] A relevant novelty.} (13... Na5 $5 {[%cal Ra5c4]} 14. Bd3 Be6 $14) ({Predecessor:} 13... Na5 14. Bd3 Be6 15. Qa4 Bd5 16. Nd2 Bc6 17. Qa3 b6 18. Rac1 Qd7 19. Be4 Rac8 20. Bxc6 Nxc6 {½-½ (42) Sandipan,C (2567)-Chigaev,M (2521) St Petersburg 2015}) 14. a3 Be4 15. Ng5 Bd5 16. Rc1 $36 {[%mdl 2048] White is more active.} Bxc4 17. Rxc4 h6 18. Ne4 Qd5 19. Qc2 Rac8 20. Rc5 Qd7 21. Rc1 Rcd8 22. Rd1 Nxe5 23. Rc7 (23. Rd2 $5 {[%cal Rd4e5]} Nc6 24. d5 $16) 23... Qd5 24. Nc3 (24. Rxe7 Nc6 $15) 24... Nf3+ $2 (24... Qd6 $14 25. Nb5 (25. Rxb7 Nc4 $11) 25... Qa6) 25. gxf3 $18 Qxf3 26. Qe4 ({Much less strong is} 26. Rxe7 $6 Qxh3 27. Qe2 (27. Rxb7 Qg4+ 28. Kf1 Qh3+ 29. Ke2 Qh5+ 30. Kd2 Bxd4 $14) 27... Rd7 $16) 26... Qxh3 27. Rxb7 ({Don't take} 27. Rxe7 Rd7) 27... e6 28. Rxa7 Rb8 29. Rb7 (29. a4 $142) 29... Rxb7 30. Qxb7 Qg4+ 31. Qg2 Qf5 32. Qc6 Qg4+ 33. Kf1 e5 34. dxe5 Rc8 (34... Bxe5 $142 35. Ne2 h5) 35. Qb7 $2 (35. Qd7 $18 {and the rest is easy.} Qxd7 36. Rxd7) 35... Bxe5 (35... Qh3+ $16 36. Ke1 Rxc3) 36. Ne2 Rc2 37. Rd8+ Kg7 {[#]} 38. Rd2 $2 (38. Ng3 $1 $18 {aiming for Qe7!} g5 (38... Bxg3 39. Bd4+) 39. Qd5 (39. Qe4 Qxe4 40. Nxe4 Ra2 $18) 39... Bxg3 {[#]} 40. Rd7 $1 {[%mdl 512]} (40. Qd4+ Qxd4 41. Bxd4+ Kg6 $18) 40... Qc4+ 41. Qxc4 Rxc4 42. fxg3) 38... Rxd2 $14 39. Bxd2 Qh3+ 40. Ke1 {And now Qe4 would win.} (40. Qg2 $5 {[%cal Rg2h3]} Qxa3 41. Qe4 Qh3+ 42. Ke1 $16) 40... Qxa3 41. Qe4 Qa1+ 42. Nc1 Bb2 43. Qc2 h5 44. Ke2 Bf6 45. Nd3 Qa6 46. Qb3 Qc8 47. Qd5 Qg4+ 48. Qf3 Qe6+ 49. Qe3 Qc4 50. Kf3 $2 {[%mdl 8192]} (50. f4 $11) 50... Qg4# {Quite a comeback for Black.  Weighted Error Value: White=0.46/Black=0.25} 0-1

[Event "EOBCC TOP16 2020"]
[Site "Online"]
[Date "2020.12.19"]
[Round "1.5"]
[White "Demidov, Mikhail"]
[Black "Shirov, Alexei"]
[Result "0-1"]
[WhiteElo "2526"]
[BlackElo "2662"]
[Annotator "TA"]
[PlyCount "124"]
[EventDate "2020.12.18"]
[EventType "k.o."]
[EventCountry "NET"]
[SourceTitle "playchess.com"]
[Source "ChessBase"]
[SourceQuality "1"]

{[%evp 13,124,0,10,10,27,7,63,23,33,14,44,31,34,-20,-19,-22,120,139,178,172,172,40,36,36,35,29,43,36,50,61,43,10,18,10,20,0,0,0,17,0,0,0,0,0,0,-70,-43,-211,-208,-162,-8,-8,-8,-8,-8,-8,-8,-341,-355,-538,-291,-283,-135,-120,-116,-88,-132,-95,-12,-12,-12,-12,-12,-18,-11,-1372,-8,-11,-11,-11,-11,-11,-11,-11,-8,-8,0,-8,0,0,0,0,0,-8,0,-7,0,0,0,-8,0,-29984,-29985,-29986,-29985,-29985,-29981,-29981,-29982,-29982,-29983,-29983,-29983]} 1. Nf3 d5 2. g3 g6 3. Bg2 Bg7 4. d4 Nf6 5. O-O O-O 6. c3 c6 7. Bf4 Bf5 8. Nbd2 {[#] D02: 1 d4 d5 2 Nf3 sidelines, including 2...Nf6 3 g3 and 2...Nf6 3 Bf4.} Qc8 $146 ({Predecessor:} 8... Nbd7 9. Qb3 Qb6 10. Rfe1 Rfe8 11. Rac1 Ne4 12. Nxe4 dxe4 13. Nd2 e5 14. dxe5 Bxe5 15. Bxe5 Rxe5 {1-0 (44) Tomashevsky,E (2705)-Nielsen,P (2635) Germany 2019}) 9. Re1 Bh3 (9... h6 $11) 10. Bh1 {White is slightly better.} Nbd7 11. Ng5 Bg4 12. f3 h6 13. Nxf7 ({White should try} 13. fxg4 $14 hxg5 14. Bxg5) 13... Rxf7 $11 14. fxg4 Nxg4 (14... g5 $11 15. e3 Nh7) 15. e4 $16 e5 16. Qxg4 exf4 17. e5 (17. exd5 $18 Nb6 18. Qxg6 Nxd5 19. Be4) 17... Nf8 $14 18. Qxc8 Rxc8 19. Bg2 Ne6 20. Bh3 Re8 21. Bxe6 Rxe6 22. Rf1 fxg3 23. hxg3 c5 24. Nb3 cxd4 25. cxd4 Rc6 26. Rxf7 Kxf7 $11 {[%mdl 4096] Endgame KRB-KRN} 27. Kf2 Rc2+ 28. Ke3 h5 29. Kd3 ({Better is} 29. Rf1+ $1 $11 Ke7 30. Rf2 Bh6+ 31. Kf3 Rxf2+ 32. Kxf2) 29... Rg2 30. Rc1 $2 (30. Rf1+ $15 Kg8 31. Rf3) 30... Rxg3+ $19 31. Ke2 {[#]} Rg2+ $2 (31... g5 $1 $19 32. Rf1+ Kg6) 32. Kf3 $11 Rxb2 {Hoping for ...g5.} 33. Rc7+ {[%mdl 64] Double Attack} Kg8 34. e6 Bf6 {Threatening ...Bh4.} ({But not} 34... Rxa2 $2 35. Rc8+ Kh7 36. e7 $18) 35. Rf7 $2 {[%mdl 8192] [#]} (35. Rc8+ $11 Kh7 36. Rc7+ Kg8 37. Rc8+ Kg7 38. Rc7+ {[%mdl 64] Double Attack} Kh6 39. e7 Bxe7 40. Rxe7) 35... Bh4 $1 $19 36. Rxb7 (36. Rd7 $142 g5 37. e7) 36... Rxa2 37. Kf4 Bf6 (37... Rb2 $19 {has better winning chances.} 38. Ke5 Bg5 39. Kxd5 h4) 38. Nc5 $17 Bxd4 39. Rb8+ Kg7 40. e7 Re2 (40... Rf2+ $17 41. Kg3 Re2) 41. e8=Q $11 Rxe8 42. Rxe8 Bxc5 {KR-KB} 43. Ke5 h4 {White must now prevent ...h3.} 44. Rd8 $2 {[%mdl 8192]} (44. Kxd5 $11 Bg1 45. Ke4) 44... Bb6 $2 (44... h3 $19 45. Rd7+ Kh6) 45. Rxd5 h3 46. Rd3 $1 h2 47. Rh3 a5 48. Ke4 Bg1 (48... Bc7 $5 49. Kf3 $8 g5 $11) 49. Kf3 a4 50. Kg2 Bc5 51. Rxh2 a3 {Strongly threatening ...a2.} 52. Kf3 Kf6 53. Rg2 g5 54. Ke4 Bd6 55. Rd2 Ke6 56. Re2 Be5 {And now ...Bb2 would win.} 57. Ra2 $2 {[%mdl 8192]} (57. Rc2 $11) 57... Bb2 {Black mates.} 58. Kd3 Kd5 59. Ke3 Kc4 60. Kf3 Kb3 61. Rxa3+ Bxa3 62. Kg4 Be7 {Both players deserved the win here.  Weighted Error Value: White=0.50/Black=0.35} 0-1

[Event "EOBCC TOP16 2020"]
[Site "Online"]
[Date "2020.12.19"]
[Round "2.1"]
[White "Navara, David"]
[Black "Pantsulaia, Levan"]
[Result "1-0"]
[WhiteElo "2697"]
[BlackElo "2553"]
[Annotator "TA"]
[PlyCount "59"]
[EventDate "2020.12.18"]
[EventType "k.o."]
[EventCountry "NET"]
[SourceTitle "playchess.com"]
[Source "ChessBase"]
[SourceQuality "1"]

{[%evp 12,59,55,44,50,45,70,48,91,85,84,56,47,39,72,35,86,27,59,52,364,297,252,225,284,255,254,239,250,256,241,245,233,234,304,168,527,512,1118,1136,29993,789,1140,1060,1894,1801,29982,29983,29990,1119]} 1. d4 Nf6 2. c4 g6 3. Nc3 Bg7 4. e4 O-O 5. Nf3 c6 6. Be2 d5 7. e5 Ne8 {E70: King's Indian: Miscellaneous lines with 4 e4, including 5 Nge2 and 5 Bd3 0-0 6 Nge2.} 8. h4 $5 {[%mdl 4] A promising side line.} h5 $1 9. Ng5 Nc7 {[#]White is slightly better.} 10. g4 $1 f6 {[#]} 11. exf6 $146 ({Predecessor:} 11. gxh5 fxg5 12. hxg6 Bf5 13. Bxg5 Ne6 14. Be3 c5 15. Bd3 Bxd3 16. Qh5 Rf4 17. O-O-O {1-0 (31) Vieites,C (2079)-Louro,E (2020) ICCF email 2017}) 11... exf6 12. Nh3 hxg4 13. Bxg4 Re8+ (13... dxc4 $14 14. Nf4 g5) 14. Be3 (14. Kf1 $16) 14... dxc4 {With the idea ...Nba6.} 15. Nf4 Kf7 $2 {[%mdl 8192] Loses the game.} (15... Nba6 $1 $14) 16. Qc2 f5 17. h5 Qxd4 18. hxg6+ Kg8 {...Qxf4 is the strong threat.} 19. Be2 ({Much less strong is} 19. Bxf5 $6 Nba6 $16) 19... Rxe3 20. fxe3 Qxe3 {Hoping for ...Qg3+.} 21. Qd2 Qxd2+ 22. Kxd2 b5 23. Bf3 (23. Rh7 $142) 23... Ne6 $2 (23... b4 {is more resistant.}) 24. Rae1 $18 Nf8 {[#]} (24... Nxf4 $142 25. Re8+ {[%mdl 64] Double Attack} Bf8) 25. Ncd5 $1 {[%cal Rd5e7][%mdl 512]} Bd4 (25... cxd5 26. Bxd5+) 26. Nc7 (26. Ne7+ $142 Kg7 27. Nh5+ Kh6 28. Reg1 {[%mdl 64] Deflection, Promotion} Bxg1 29. g7 Ne6 30. g8=Q {[%mdl 64] Double Attack} c3+ 31. bxc3 Be3+ 32. Kxe3 Ng5 33. Qg7#) 26... Bb7 27. Nxa8 Na6 {[#]} 28. Re8 $1 {White threatens Ne6! and mate.} Kg7 29. Re7+ {[%mdl 64] Double Attack} Kf6 30. Rxb7 {Weighted Error Value: White=0.23/Black=1.07} (30. Rf7+ $142 Ke5 31. g7 b4 {[#]} 32. Rxf5+ $1 {[%mdl 576] Promotion} Kxf5 33. gxf8=Q+ Bf6 34. Ke3 Ke5 35. Rh5+ Bg5 36. Rxg5#) 1-0

[Event "EOBCC TOP16 2020"]
[Site "Online"]
[Date "2020.12.19"]
[Round "2.1"]
[White "Bluebaum, Matthias"]
[Black "Indjic, Aleksandar"]
[Result "1-0"]
[WhiteElo "2672"]
[BlackElo "2604"]
[Annotator "TA"]
[PlyCount "85"]
[EventDate "2020.12.18"]
[EventType "k.o."]
[EventCountry "NET"]
[SourceTitle "playchess.com"]
[Source "ChessBase"]
[SourceQuality "1"]

{[%evp 16,85,56,0,16,21,0,0,47,67,80,60,145,128,123,100,102,77,75,90,95,75,88,60,124,96,118,93,178,167,172,181,179,176,175,160,179,171,375,366,368,354,780,780,784,758,778,771,689,704,754,770,744,740,796,743,802,795,1002,992,1370,655,1056,0,2149,1725,1130,1100,29988,29988,29990,1039]} 1. d4 Nf6 2. c4 c5 3. d5 e6 4. Nc3 exd5 5. cxd5 d6 6. Nf3 g6 7. h3 Bg7 8. e4 O-O 9. Be3 (9. Bd3 $14) 9... a6 {A70: Modern Benoni: 6 e4 g6 7 Nf3.} 10. a4 Re8 11. Nd2 Nbd7 {The position is equal.} (11... Nxe4 $5 12. Ncxe4 (12. Ndxe4 f5 $15) 12... f5 $11) 12. Be2 {[#]} h6 $146 ({Predecessor:} 12... b6 13. O-O Rb8 14. Qc2 Qc7 15. f4 Bb7 16. Rf3 Ra8 17. Qd3 Qb8 18. Bf2 Re7 {1-0 (40) Van Foreest,L (2543)-Kotau,A (2227) Bratislava 2019}) 13. O-O g5 (13... Nh7 $14) 14. f4 gxf4 15. Rxf4 Ne5 16. Qc2 Ng6 17. Rf2 Nd7 18. Nf1 Qh4 19. Bg4 Nde5 ({Better is} 19... c4 $14) 20. Bxc8 $1 $16 Raxc8 21. Rf5 c4 {[#]} (21... Nc4 $16) 22. Bf2 $1 $18 {[%cal Rf2h4]} Qd8 {[#]} 23. Ng3 $1 Nh4 24. Rh5 Nd3 25. Be3 Re5 26. Rf1 b5 $2 (26... Qe7 {was called for.} 27. Qe2 Re8 28. Bxh6 Bxh6) 27. axb5 axb5 28. Nxb5 Nxb2 $2 (28... Rxh5 29. Nxh5 Bh8) 29. Na7 Rxh5 30. Nxh5 Nd3 31. Nxc8 Qxc8 32. Nxg7 Kxg7 33. Bd4+ Kg8 34. Qd2 Qf8 35. Qc3 Ng6 36. Qxc4 Nde5 37. Qc7 h5 38. Rb1 (38. Rf6 $142 Qe7 39. Qxe7 Nxe7 40. Bxe5 dxe5 41. d6) 38... Kh7 39. Rf1 $2 ({White should try} 39. Kh1 $18 h4 40. Rf1) 39... h4 $2 {[%mdl 8192]} (39... Kg8 $11 40. Rf6 Qe7) 40. Kh1 Kg8 41. Rf6 Qh6 42. Bxe5 dxe5 43. Qxf7+ {[%mdl 64] Double Attack. Black did not feel at home in the position after the opening.  Weighted Error Value: White=0.45/Black=0.71} 1-0